Gňesis, evolucin̤ y tendencias del paradigma del desarrollo sostenible Miguel Moreno Plata

Detalles Bibliográficos
Autor principal: Moreno Plata, Miguel
Formato: eBook
Lenguaje:español
Publicado: Ciudad de Mx̌ico: Cm̀ara de Diputados, 2010
Materias:
Acceso en línea:Acceso restringido

MARC

LEADER 00000nam a22000007a 4500
005 20171121193834.0
007 cr|||| ||||
008 171121s2010 mx |||||s|||| 00||0 spa d
020 |a 978-607-401-282-8 
035 |a 20842 
040 |a vLex 
090 |c 7218  |d 7218 
100 1 |a Moreno Plata, Miguel 
245 1 0 |a Gňesis, evolucin̤ y tendencias del paradigma del desarrollo sostenible  |h [Recurso electrn̤ico] /  |b Miguel Moreno Plata 
256 |a Servicio en ln̕ea 
260 |a Ciudad de Mx̌ico:  |b Cm̀ara de Diputados,  |c 2010 
300 |a 1 recurso electrn̤ico (728p.) 
506 1 |a Disponible solo en los productos indicados  |d vLex Global  |d vLex Global (Academic Edition, excluding Law Schools)  |d vLex Global (U.S. Academic Edition, Law Schools)  |d vLex Global (U.S. Academic Edition, excluding Law Schools)  |d vLex Global (Academic Edition, Law Schools) 
650 0 4 |a Economa̕ y negocios  |z Mx̌ico 
650 0 4 |a Derecho del Medio Ambiente  |z Mx̌ico 
740 0 |a vLex Libros (Servicio en ln̕ea) 
856 4 0 |u http://vlex.com/source/genesis-evolucion-tendencias-paradigma-desarrollo-sostenible-20842  |z Acceso restringido 
942 |c BOOK 
999 0 |a Business 
999 0 |a Environmental law